000 00732nam a22002537a 4500
005 20260316164847.0
008 250506b |||||||| |||| 00| 0 eng d
037 _cTB
040 _aLCT
_cLCt
041 _2eng
_geng
_heng
084 _aZ2,7,11 M3;Q3
100 _aTakwani, C.K.
245 _aCivil Procedure with Limitation Act, 1963/
250 _a7th ed.
260 _aLucknow:
_bEastern Book Company,
_c2013
300 _acxii, 837p.
650 _aCivil Procedure
_9681550
650 _aLaw
650 _aCommercial Courts
_9754394
650 _acivil courts
_9754395
650 _aPleadings
_9684556
650 _aAppearance of parties
_9754396
942 _2CC
_cTB
_hZ2,7,11 M3;Q3
_n0
999 _c1311807
_d1311807